[Event "Ruhrgebiet Regionalliga 1112"]
[Site "Nordrheinwestfalen"]
[Date "2011.11.06"]
[Round "3.7"]
[White "Wagner, Ralf"]
[Black "Schwenke, Markus"]
[Result "1/2-1/2"]
[WhiteElo "1932"]
[BlackElo "1938"]
[PlyCount "73"]
[EventDate "2011.09.25"]
[EventType "team-tourn"]
[EventRounds "9"]
[EventCountry "GER"]
[SourceTitle "EXT 2020"]
[Source "ChessBase"]
[SourceDate "2019.10.17"]
[SourceVersion "1"]
[SourceVersionDate "2019.10.17"]
[SourceQuality "1"]
[WhiteTeam "Ahlen SV"]
[BlackTeam "Holsterhausen SK"]
[WhiteTeamCountry "GER"]
[BlackTeamCountry "GER"]

1. e4 c6 2. d4 d5 3. e5 Bf5 4. Be3 e6 5. Nf3 Qb6 6. Qc1 c5 7. Be2 Nc6 8. c3 Rc8 9. 0-0 cxd4 10. Nxd4 Nxd4 11. Bxd4 Bc5 12. Bxc5 Qxc5 13. Nd2 Ne7 14. Nb3 Qb6 15. Kh1 Nc6 16. g4 Bg6 17. f4 Be4+ 18. Bf3 Bxf3+ 19. Rxf3 h5 20. g5 g6 21. Qd2 0-0 22. Re1 a5 23. Rd3 a4 24. Nd4 Nxd4 25. Rxd4 Qa5 26. a3 b5 27. f5 exf5 28. e6 Rfe8 29. exf7+ Kxf7 30. Rxe8 Rxe8 31. Rxd5 Qa8 32. Qd4 Qc6 33. Kg1 Qe6 34. Rd7+ Re7 35. Rxe7+ Qxe7 36. Qd5+ Kg7 37. Qd2 1/2-1/2

[Event "Ruhrgebiet Regionalliga 1112"]
[Site "Nordrheinwestfalen"]
[Date "2011.10.23"]
[Round "2.7"]
[White "Reisberg, Andre"]
[Black "Wagner, Ralf"]
[Result "1-0"]
[WhiteElo "1814"]
[BlackElo "1932"]
[PlyCount "51"]
[EventDate "2011.09.25"]
[EventType "team-tourn"]
[EventRounds "9"]
[EventCountry "GER"]
[SourceTitle "EXT 2020"]
[Source "ChessBase"]
[SourceDate "2019.10.17"]
[SourceVersion "1"]
[SourceVersionDate "2019.10.17"]
[SourceQuality "1"]
[WhiteTeam "Brackel SF"]
[BlackTeam "Ahlen SV"]
[WhiteTeamCountry "GER"]
[BlackTeamCountry "GER"]

1. d4 e6 2. c4 Nf6 3. g3 d5 4. Bg2 Be7 5. Nf3 0-0 6. 0-0 Nbd7 7. cxd5 exd5 8. Qc2 Bd6 9. Nc3 c6 10. Nd2 Be7 11. Re1 Re8 12. e4 dxe4 13. Ndxe4 Nb6 14. Bg5 Be6 15. Nc5 Bxc5 16. dxc5 Nbd7 17. Ne4 Qe7 18. Nd6 Reb8 19. Bf4 Nh5 20. Nf5 Qxc5 21. Qxc5 Nxc5 22. Bxb8 Rxb8 23. Nd4 Bd7 24. Re5 Nd3 25. Rxh5 Nxb2 26. Rb1 1-0

[Event "Ruhrgebiet Verbandsliga2 1011"]
[Site "Nordrheinwestfalen"]
[Date "2011.03.20"]
[Round "8.5"]
[White "Wagner, Ralf"]
[Black "Olf, Hans Helmut"]
[Result "0-1"]
[WhiteElo "1991"]
[BlackElo "2032"]
[PlyCount "30"]
[EventDate "2010.09.12"]
[EventType "team-tourn"]
[EventRounds "9"]
[EventCountry "GER"]
[SourceTitle "EXT 2020"]
[Source "ChessBase"]
[SourceDate "2019.10.17"]
[SourceVersion "1"]
[SourceVersionDate "2019.10.17"]
[SourceQuality "1"]
[WhiteTeam "Ahlen SV"]
[BlackTeam "Welper SV"]
[WhiteTeamCountry "GER"]
[BlackTeamCountry "GER"]

1. e4 Nf6 2. e5 Nd5 3. g3 d6 4. exd6 Qxd6 5. Bg2 Nc6 6. d4 e5 7. dxe5 Qxe5+ 8. Ne2 Be6 9. f4 Qh5 10. c3 0-0-0 11. Qc2 Bc5 12. a3 Rhe8 13. h4 Bg4 14. Bh3 Bxh3 15. Rxh3 Qg4 0-1

[Event "Ruhrgebiet Verbandsliga2 1011"]
[Site "Nordrheinwestfalen"]
[Date "2011.02.27"]
[Round "7.6"]
[White "Wagner, Ralf"]
[Black "Berg, Dietmar"]
[Result "1/2-1/2"]
[WhiteElo "1991"]
[BlackElo "1930"]
[PlyCount "72"]
[EventDate "2010.09.12"]
[EventType "team-tourn"]
[EventRounds "9"]
[EventCountry "GER"]
[SourceTitle "EXT 2020"]
[Source "ChessBase"]
[SourceDate "2019.10.17"]
[SourceVersion "1"]
[SourceVersionDate "2019.10.17"]
[SourceQuality "1"]
[WhiteTeam "Ahlen SV"]
[BlackTeam "Gladbeck SG"]
[WhiteTeamCountry "GER"]
[BlackTeamCountry "GER"]

1. e4 c5 2. Nf3 d6 3. Bc4 e6 4. d4 cxd4 5. Nxd4 Nf6 6. Nc3 a6 7. Qe2 Be7 8. f3 Bd7 9. Be3 Nc6 10. Nxc6 Bxc6 11. 0-0 b5 12. Bd3 Qc7 13. Qf2 d5 14. Bb6 Qb8 15. exd5 Nxd5 16. Bd4 Bd6 17. g3 Nxc3 18. Bxc3 0-0 19. f4 b4 20. Bd4 Bb5 21. Bxb5 Qxb5 22. Bxg7 Kxg7 23. Qd4+ Kg8 24. Qxd6 Rfd8 25. Qe7 Qb6+ 26. Kg2 Rd2+ 27. Kh3 Qc6 28. Qg5+ Kf8 29. Rh1 Qg2+ 30. Kh4 Rd5 31. Qh6+ Kg8 32. c4 bxc3 33. bxc3 Rb8 34. c4 Rc5 35. h3 Qe4 36. Rhe1 Qxc4 1/2-1/2

[Event "Ruhrgebiet Verbandsliga2 1011"]
[Site "Nordrheinwestfalen"]
[Date "2010.10.24"]
[Round "2.6"]
[White "Wagner, Ralf"]
[Black "Schwenke, Markus"]
[Result "1/2-1/2"]
[WhiteElo "1991"]
[BlackElo "1954"]
[PlyCount "59"]
[EventDate "2010.09.12"]
[EventType "team-tourn"]
[EventRounds "9"]
[EventCountry "GER"]
[SourceTitle "EXT 2020"]
[Source "ChessBase"]
[SourceDate "2019.10.17"]
[SourceVersion "1"]
[SourceVersionDate "2019.10.17"]
[SourceQuality "1"]
[WhiteTeam "Ahlen SV"]
[BlackTeam "Holsterhausen SK"]
[WhiteTeamCountry "GER"]
[BlackTeamCountry "GER"]

1. e4 c6 2. d3 d5 3. Nd2 e5 4. g3 Nf6 5. Bg2 Bc5 6. h3 0-0 7. Qe2 Be6 8. Ngf3 Nbd7 9. 0-0 Re8 10. Re1 Qb6 11. Ng5 h6 12. Nxe6 Rxe6 13. Nb3 Bd6 14. Bd2 a5 15. Be3 d4 16. Bc1 Qc7 17. Rf1 a4 18. Nd2 b5 19. Nf3 g5 20. Nh2 Kh7 21. Qf3 Nf8 22. h4 gxh4 23. Bh3 Qe7 24. Bxe6 fxe6 25. Ng4 Nxg4 26. Qxg4 Ng6 27. Qh5 Qg7 28. Qg4 Qf6 29. Qh5 Qg7 30. Qg4 1/2-1/2